000 00543nam a2200193Ia 4500
003 IN-BaIIA
008 211028s9999 xx 000 0 eng d
040 _cIIA Library
080 _a523.68
_bKRI
100 _aKrinov, E. L.
_96127
245 0 _aGiant meteorites
_cE. L. Krinov
260 _aOxford
_bPergamon Press
_c1966
300 _axxii, 397p.
650 _aAsteroids
_94064
650 _aAstronomy and astrophysics thesaurus
650 _aMeteorites
650 _aMeteors
942 _cBK
999 _c3462
_d3462